| 000 | 01181nam a2200229Ia 4500 | ||
|---|---|---|---|
| 999 |
_c40268 _d40268 |
||
| 001 | 6876 | ||
| 003 | GE_BSU | ||
| 005 | 20200204151027.0 | ||
| 008 | 181216s1964||||ge |||||||||||||| ||geo|| | ||
| 040 | _cGE_BSU | ||
| 080 | _a821.353.1-94+355.486 | ||
| 100 |
_aგოძიაშვილი, ლადო. _96788 |
||
| 245 |
_aყირიმის მთებში : _bპარტიზანთა დღიურები / _cლადო გოძიაშვილი ; რედ. ბ. მირცხულავა ; ლიტერატურულად დაამუშავა აკაკი გეწაძემ. |
||
| 264 |
_aთბილისი : _bსაბჭ.საქართველო, _c1964. |
||
| 300 |
_a233 გვ. ; _c20 სმ. |
||
| 653 | _aყირიმის მთებში | ||
| 653 | _aპარტიზანთა დღიურები | ||
| 653 | _aქართველი პარტიზანები დიდ სამამულო ომში | ||
| 653 | _aყირიმის ბრძოლა | ||
| 700 |
_aმირცხულავა, ბ. _eრედაქტორი _96789 |
||
| 942 |
_cBK _2udc |
||